Statistiques concernant Quizz - Littérature - Série 03

Cliquez ici pour prendre le quiz!

Statistiques générales

  • Ce quiz a été pris 582 fois
  • Le résultat moyen est 8 sur 10

Statistiques - réponses

QuestionRéponse% Correct
Qui a écrit "Le rouge et le noir" ?Stendhal
96%
Qui a écrit "Le vieil homme et la mer" ?Ernest Hemingway
93%
Qui a écrit "Croc blanc" ?Jack London
92%
Qui a écrit "Le lion" ?Joseph Kessel
86%
Qui a écrit "Moby Dick" ?Herman Melville
84%
Qui a écrit "Chéri" ?Colette
74%
Qui a écrit "Le dernier des Mohicans" ?James Fenimore Cooper
74%
Qui a écrit "La bicyclette bleue" ?Régine Deforges
74%
Qui a écrit "Un bon petit diable" ?Comtesse de Ségur
71%
Qui a écrit "Raboliot" ?Maurice Genevoix
47%

Distribution des résultats

Percentile par nombre de réponses

% des personnes avec chaque résultat

Votre développement - résultats

Vous n’avez pas pris ce quiz